000 00230nam a2200097Ia 4500
008 120527s9999 xx 000 0 und d
100 _aROYAL,et al
245 _aMediccal ethical standards
260 _bRoyal Tropical
942 _cBK
999 _c25730
_d25730